header

Speaking in other voices (Record no. 1462)

MARC details
000 -LEADER
fixed length control field 01498nam a2200361Ia 4500
082 04 - DEWEY DECIMAL CLASSIFICATION NUMBER
Classification number 791.5/3/094934
100 1# - MAIN ENTRY--AUTHOR NAME
Personal name Gross, Joan.
245 10 - TITLE STATEMENT
Title Speaking in other voices
260 ## - PUBLICATION, DISTRIBUTION, ETC. (IMPRINT)
Place of publication Amsterdam, Netherlands ;
-- Philadelphia :
Name of publisher John Benjamins,
Year of publication c2001.
300 ## - PHYSICAL DESCRIPTION
Number of Pages xxviii, 337 p. :
Other physical details ill.
490 1# - SERIES STATEMENT
Series statement Pragmatics & beyond,
650 #0 - SUBJECT ADDED ENTRY--TOPICAL TERM
Topical Term Puppet theater
Topical Term Puppet theater
Topical Term Puppet plays, French
856 40 - ELECTRONIC LOCATION AND ACCESS
Uniform Resource Identifier http://site.ebrary.com/lib/rucke/Doc?id=5004964

No items available.

© 2026 Rongo University
Contact us: librarian | system librarian | Rongo university